01130ntaaa2200289 45000030003000000050017000030080021000200400037000410820016000781100060000942450083001542600073002373000028003105000035003385000031003735050019004045050026004235050028004495050040004775050061005175200059005786500057006376500018006949420007007129990017007199520104007360120251027203312.00714s1973 ag 01  aAR-BaBNbspacAR-BaBNeaacrdRIC a286.181 C76 aConvenção Batista Pioneira do Sul do Brasil 936211 aOs pioneiros : b1910-2010 / cConvenção Batista Pioneira do Sul do Brasil aCuritiba : bConvenção Batista Pioneira do Sul do Brasil, c2010 a288 p. ; cil. ; 30 cm. aIncluye índices analíticos aBibliografía: p. 279-281 tIntroducción tParte I. Cronología tParte II. Instituciones tParte III. Los pioneros centenarios tAnexos: estatuto y reglamento interno de la Convención aCien años de historia de la C.B.P. del Sur de Brasil aCONVENCION BAUTISTA PIONERA DEL SUR DE BRASIL936212 aHISTORIA9175 cBK c28507d28507 00104070aBPbBPd2025-10-27i044983l0o286.181 C76p044983r2025-10-27 20:33:12w2025-10-27yBK